000 00848nam a2200229Ii 4500
003 JO-AjNU
008 230605s9999||||xx |||||||||||||| ||und||
017 _a23061
020 _a978-977-358-217-2
040 _aJO-AjNU
_bara
_erda
_cJO-AjNU
041 _aara
050 1 4 _aHC59.S577.2010
100 3 _aتاليف: السيسي، صلاح الدبن حسن,
_eauthor
_934000
245 0 0 _aالتمويل العقاري والتنمية الاقتصادية والاجتماعية: دراسات جدوى للمشروعات العقارية
250 _aط1
264 3 1 _aالقاهرة: دار الفجر للنشر والتوزيع، 2010
300 _a425ص
336 _atext
_btxt
_2rdacontent
337 _aunmediated
_bn
_2rdamedia
338 _avolume
_bnc
_2rdacarrier
650 4 _a العقارات - تمويل - مصر 
_934001
999 _aA13895
_c17463
_d17463